Flash 5; graphics, animation & interactivity with CD-ROM (Record no. 314904)

000 -LEADER
fixed length control field 00307 a2200121 4500
001 - CONTROL NUMBER
control field 79831
082 ## - DEWEY DECIMAL CLASSIFICATION NUMBER
Classification number 006.6MOH
090 ## - LOCALLY ASSIGNED LC-TYPE CALL NUMBER (OCLC); LOCAL CALL NUMBER (RLIN)
-- 39622
-- 39622
100 ## - MAIN ENTRY--PERSONAL NAME
Personal name Mohler JAmes L.
245 ## - TITLE STATEMENT
Title Flash 5; graphics, animation & interactivity with CD-ROM
Medium English
260 ## - PUBLICATION, DISTRIBUTION, ETC.
Place of publication, distribution, etc. N Delhi
Name of publisher, distributor, etc. Vikas
Date of publication, distribution, etc. 2001
500 ## - GENERAL NOTE
General note CD/DVD
942 ## - ADDED ENTRY ELEMENTS (KOHA)
Institution code [OBSOLETE] CAE NUST
Call number prefix 006.6MOH
Holdings
Withdrawn status Lost status Damaged status Not for loan Collection code Permanent Location Current Location Date acquired Total Checkouts Full call number Barcode Date last seen Price effective from Koha item type
          College of Aeronautical Engineering (CAE) College of Aeronautical Engineering (CAE) 04/03/2017   006.6MOH CAEN-828 04/05/2017 04/05/2017 Book
© 2023 Central Library, National University of Sciences and Technology. All Rights Reserved.